[Event "Galicia-ch U18"]
[Site "Padron"]
[Date "2023.02.21"]
[Round "7"]
[White "Cereijo Suarez, Alejandro"]
[Black "Cernadas Camean, David"]
[Result "0-1"]
[WhiteElo "2101"]
[BlackElo "1938"]
[PlyCount "80"]
[EventDate "2023.02.18"]
[EventType "swiss"]
[EventRounds "8"]
[EventCountry "ESP"]
[SourceTitle "EXT 2024"]
[Source "ChessBase"]
[SourceDate "2023.10.10"]
[SourceVersion "1"]
[SourceVersionDate "2023.10.10"]
[SourceQuality "1"]

1. d4 d5 2. c4 e6 3. e3 Nf6 4. Nf3 c5 5. Nc3 Nc6 6. cxd5 exd5 7. Be2 Bd6 8. Nb5 Be7 9. dxc5 Bxc5 10. a3 a6 11. Nbd4 0-0 12. b4 Bd6 13. 0-0 Re8 14. Bb2 Ne5 15. Nxe5 Bxe5 16. Rc1 Ne4 17. Bf3 Bd7 18. Qe2 Qf6 19. Rfd1 Rad8 20. Rc2 Ba4 21. Rdc1 Bxc2 22. Qxc2 h6 23. Rd1 Rc8 24. Qb3 Red8 25. Qd3 Bxh2+ 26. Kxh2 Qh4+ 27. Kg1 Qxf2+ 28. Kh2 Qxb2 29. Rb1 Qf2 30. Nf5 Kh8 31. Qd4 Nf6 32. Nxh6 Rc4 33. Nxf7+ Kg8 34. Nxd8 Rxd4 35. exd4 Qh4+ 36. Kg1 Qxd4+ 37. Kh1 Qb6 38. Rd1 Qxd8 39. g4 Nxg4 40. Bxd5+ Kh8 0-1

[Event "ESP-ch U14 Rapid"]
[Site "Salobrena"]
[Date "2022.07.23"]
[Round "3"]
[White "Gil Jimenez, Ruben"]
[Black "Cereijo Suarez, Alejandro"]
[Result "0-1"]
[WhiteElo "1345"]
[BlackElo "1699"]
[PlyCount "62"]
[EventDate "2022.07.23"]
[EventType "swiss (rapid)"]
[EventRounds "9"]
[EventCountry "ESP"]
[SourceTitle "EXT 2023"]
[Source "ChessBase"]
[SourceDate "2022.10.05"]
[SourceVersion "1"]
[SourceVersionDate "2022.10.05"]
[SourceQuality "1"]

1. d4 Nf6 2. Nf3 e6 3. g3 b6 4. Bg2 Bb7 5. 0-0 Be7 6. c4 0-0 7. Nc3 d5 8. Ne5 Nbd7 9. Qa4 c5 10. Nxd7 Nxd7 11. cxd5 cxd4 12. Qxd4 Bf6 13. Qd3 Nc5 14. Qc2 exd5 15. Rd1 d4 16. Bxb7 Nxb7 17. Ne4 Be5 18. e3 Rc8 19. Qb3 Nc5 20. Nxc5 bxc5 21. exd4 cxd4 22. f4 Bf6 23. Bd2 Re8 24. Be1 Re2 25. Bf2 Rcc2 26. Rf1 d3 27. Rad1 h6 28. Rxd3 Qe7 29. Qb8+ Kh7 30. Qxa7 Rxf2 31. Qxe7 Rg2+ 0-1

[Event "ESP-ch U14"]
[Site "Salobrena"]
[Date "2022.07.21"]
[Round "6"]
[White "Lara Mezcua, Alonso"]
[Black "Cereijo Suarez, Alejandro"]
[Result "0-1"]
[WhiteElo "1752"]
[BlackElo "1968"]
[PlyCount "40"]
[EventDate "2022.07.18"]
[EventType "swiss"]
[EventRounds "9"]
[EventCountry "ESP"]
[SourceTitle "EXT 2023"]
[Source "ChessBase"]
[SourceDate "2022.10.05"]
[SourceVersion "1"]
[SourceVersionDate "2022.10.05"]
[SourceQuality "1"]

1. e4 c5 2. c3 d5 3. exd5 Qxd5 4. d4 Nf6 5. Nf3 Bg4 6. Nbd2 Nc6 7. Bc4 Qd7 8. dxc5 e5 9. b4 e4 10. Qe2 0-0-0 11. b5 Na5 12. c6 Qe8 13. c7 Rxd2 14. Kxd2 Nxc4+ 15. Qxc4 exf3 16. gxf3 Bf5 17. Re1 Qd7+ 18. Ke2 Be6 19. Qd4 Qxb5+ 20. Kd1 Bc5 0-1

[Event "ESP-ch U14"]
[Site "Salobrena"]
[Date "2022.07.20"]
[Round "5"]
[White "Cereijo Suarez, Alejandro"]
[Black "Rubial Blanco, Heriberto"]
[Result "1-0"]
[WhiteElo "1968"]
[BlackElo "1694"]
[PlyCount "47"]
[EventDate "2022.07.18"]
[EventType "swiss"]
[EventRounds "9"]
[EventCountry "ESP"]
[SourceTitle "EXT 2023"]
[Source "ChessBase"]
[SourceDate "2022.10.05"]
[SourceVersion "1"]
[SourceVersionDate "2022.10.05"]
[SourceQuality "1"]

1. d4 Nf6 2. c4 c5 3. d5 e6 4. Nc3 exd5 5. cxd5 d6 6. e4 g6 7. Nf3 Bg7 8. h3 0-0 9. Bd3 b5 10. Nxb5 Re8 11. 0-0 Nxe4 12. Bxe4 Rxe4 13. Nc3 Re8 14. Bg5 Qb6 15. Re1 Rxe1+ 16. Qxe1 Bd7 17. Ne4 Qxb2 18. Rb1 Qxa2 19. Nf6+ Kh8 20. Rb7 h6 21. Qe7 Qa1+ 22. Kh2 Na6 23. Rxd7 hxg5 24. Rd8+ 1-0

[Event "ESP-ch U14"]
[Site "Salobrena"]
[Date "2022.07.18"]
[Round "1"]
[White "Cereijo Suarez, Alejandro"]
[Black "De la Riva Reina, Marti"]
[Result "1-0"]
[WhiteElo "1968"]
[BlackElo "1464"]
[PlyCount "89"]
[EventDate "2022.07.18"]
[EventType "swiss"]
[EventRounds "9"]
[EventCountry "ESP"]
[SourceTitle "EXT 2023"]
[Source "ChessBase"]
[SourceDate "2022.10.05"]
[SourceVersion "1"]
[SourceVersionDate "2022.10.05"]
[SourceQuality "1"]

1. d4 Nf6 2. c4 g6 3. Nf3 Bg7 4. g3 0-0 5. Bg2 d6 6. 0-0 Nbd7 7. Nc3 e5 8. e4 Ne8 9. d5 Nb6 10. Qd3 f5 11. Be3 Nf6 12. Ne1 fxe4 13. Nxe4 Nxe4 14. Bxe4 Bh3 15. Ng2 Nd7 16. f3 Nf6 17. Bg5 Qd7 18. Bxf6 Rxf6 19. Rf2 Bf5 20. Raf1 Raf8 21. Qe2 Bxe4 22. fxe4 Rxf2 23. Rxf2 Rxf2 24. Kxf2 Bh6 25. b3 a5 26. Ne1 Qe7 27. h4 Qd7 28. Kg2 Bc1 29. Nd3 Ba3 30. Qf3 Kg7 31. g4 b5 32. g5 bxc4 33. bxc4 Qf7 34. Nxe5 dxe5 35. Qxa3 Qf4 36. Qe7+ Kg8 37. Qd8+ Kg7 38. Qxc7+ Kg8 39. Qd8+ Kg7 40. Qf6+ Qxf6 41. gxf6+ Kxf6 42. c5 Ke7 43. Kf3 h6 44. Kg4 a4 45. h5 1-0

[Event "Galicia-ch U14"]
[Site "Padron"]
[Date "2022.02.26"]
[Round "1"]
[White "Cereijo Suarez, Alejandro"]
[Black "Calvo Miguez, Sergio"]
[Result "1-0"]
[WhiteElo "1940"]
[BlackElo "1159"]
[PlyCount "117"]
[EventDate "2022.02.26"]
[EventType "swiss"]
[EventRounds "8"]
[EventCountry "ESP"]
[SourceTitle "EXT 2023"]
[Source "ChessBase"]
[SourceDate "2022.10.05"]
[SourceVersion "1"]
[SourceVersionDate "2022.10.05"]
[SourceQuality "1"]

1. b3 d5 2. Bb2 Nc6 3. Nf3 Bg4 4. e3 e5 5. Be2 Nf6 6. Nxe5 Bxe2 7. Qxe2 Nxe5 8. Bxe5 Bd6 9. Bxd6 Qxd6 10. 0-0 0-0 11. d3 Rfe8 12. Nd2 d4 13. e4 b5 14. Rae1 Rad8 15. f4 Qb6 16. h3 c5 17. Nf3 Nd5 18. Ne5 Nc3 19. Qh5 Qf6 20. Ng4 Qg6 21. Qxc5 Qb6 22. Qg5 f6 23. Qh5 Nxa2 24. e5 fxe5 25. fxe5 Qc5 26. Qf7+ Kh8 27. e6 Qe7 28. Qxe7 Rxe7 29. Ne5 Rc8 30. Nc6 Ree8 31. e7 Kg8 32. Nxd4 a6 33. Nf5 Rc7 34. Re5 g6 35. Nh6+ Kg7 36. Rf7+ Kxh6 37. g4 Rh8 38. d4 Rcc8 39. d5 Nb4 40. d6 Nc6 41. d7 Nxe5 42. dxc8Q Rxc8 43. Rf8 Nc6 44. Rxc8 Nxe7 45. Ra8 Nc6 46. Rxa6 Nb4 47. Rb6 Nxc2 48. Rxb5 Kg7 49. Rb7+ Kh6 50. Kf2 Nd4 51. Kg3 Ne2+ 52. Kf3 Nd4+ 53. Ke4 Nxb3 54. Rxb3 Kg5 55. Kf3 Kh4 56. Rb7 h5 57. gxh5 gxh5 58. Rb5 Kxh3 59. Rxh5# 1-0

[Event "ESP-ch U14"]
[Site "Salobrena"]
[Date "2021.07.14"]
[Round "4"]
[White "Martel Bruniaux, Malko"]
[Black "Cereijo Suarez, Alejandro"]
[Result "1/2-1/2"]
[WhiteElo "1583"]
[BlackElo "1873"]
[PlyCount "76"]
[EventDate "2021.07.12"]
[EventType "swiss"]
[EventRounds "9"]
[EventCountry "ESP"]
[SourceTitle "EXT 2022"]
[Source "ChessBase"]
[SourceDate "2021.10.06"]
[SourceVersion "1"]
[SourceVersionDate "2021.10.06"]
[SourceQuality "1"]

1. d4 Nf6 2. Nf3 e6 3. c4 b6 4. g3 Bb7 5. Bg2 Bb4+ 6. Bd2 Be7 7. 0-0 0-0 8. Nc3 d5 9. cxd5 exd5 10. Rc1 Nbd7 11. Bf4 c6 12. Ne5 Nh5 13. e3 Nxf4 14. gxf4 g6 15. Nb1 Rc8 16. Qa4 Nxe5 17. fxe5 a5 18. Bh3 Rc7 19. f4 Ba6 20. Rf2 Bb5 21. Qd1 f5 22. Nc3 Bc4 23. Bf1 Bxf1 24. Kxf1 Qd7 25. Na4 c5 26. Nc3 c4 27. a4 Bb4 28. Nb5 Rc6 29. Rfc2 Rfc8 30. Qf3 Qf7 31. Qg2 h6 32. Qg3 Kh7 33. h4 Rg8 34. Rh2 Rgc8 35. Rhc2 Qe7 36. Kf2 Qf7 37. Kf1 Qe7 38. Kf2 Qf7 1/2-1/2

[Event "ESP-ch U14"]
[Site "Salobrena"]
[Date "2021.07.13"]
[Round "3"]
[White "Cereijo Suarez, Alejandro"]
[Black "Vergara Anton, Diego"]
[Result "0-1"]
[WhiteElo "1873"]
[BlackElo "2144"]
[PlyCount "96"]
[EventDate "2021.07.12"]
[EventType "swiss"]
[EventRounds "9"]
[EventCountry "ESP"]
[SourceTitle "EXT 2022"]
[Source "ChessBase"]
[SourceDate "2021.10.06"]
[SourceVersion "1"]
[SourceVersionDate "2021.10.06"]
[SourceQuality "1"]

1. d4 d5 2. c4 e6 3. Nc3 Nf6 4. cxd5 exd5 5. Bg5 c6 6. Qc2 h6 7. Bh4 Be7 8. e3 Nbd7 9. Bd3 Nh5 10. Bxe7 Qxe7 11. Nge2 Nb6 12. 0-0 0-0 13. Na4 Bg4 14. Nc5 Bxe2 15. Bxe2 Nf6 16. b3 Nc8 17. Bf3 Nd6 18. Nd3 Rfe8 19. Ne5 Nd7 20. Nxd7 Qxd7 21. Rad1 a5 22. Rfe1 a4 23. e4 dxe4 24. Bxe4 Nxe4 25. Rxe4 axb3 26. Rxe8+ Rxe8 27. axb3 Qxd4 28. g3 Qg4 29. Qd3 h5 30. Qd2 g6 31. h4 Qf3 32. b4 Qg4 33. Qd6 Re6 34. Qb8+ Kg7 35. Ra1 Qd4 36. Rb1 Re2 37. Qf4 Qxf4 38. gxf4 Re4 39. b5 Rxf4 40. bxc6 Rg4+ 41. Kf1 bxc6 42. Rc1 Rxh4 43. Rxc6 Ra4 44. Kg2 g5 45. Rc3 Kg6 46. Rb3 g4 47. Kg3 Kg5 48. f4+ Rxf4 0-1

[Event "ESP-ch U14"]
[Site "Salobrena"]
[Date "2021.07.12"]
[Round "1"]
[White "Cereijo Suarez, Alejandro"]
[Black "Diaz Perez, Diego"]
[Result "1-0"]
[WhiteElo "1873"]
[BlackElo "1452"]
[PlyCount "91"]
[EventDate "2021.07.12"]
[EventType "swiss"]
[EventRounds "9"]
[EventCountry "ESP"]
[SourceTitle "EXT 2022"]
[Source "ChessBase"]
[SourceDate "2021.10.06"]
[SourceVersion "1"]
[SourceVersionDate "2021.10.06"]
[SourceQuality "1"]

1. d4 d5 2. c4 e6 3. Nc3 Nf6 4. cxd5 exd5 5. Bg5 Be7 6. e3 0-0 7. Bd3 Nbd7 8. Qc2 b6 9. Nf3 Bb7 10. 0-0 Rc8 11. Rad1 c5 12. Bf5 g6 13. Bh3 cxd4 14. Rxd4 Ne4 15. Bxe7 Qxe7 16. Bxd7 Qxd7 17. Qxe4 dxe4 18. Rxd7 Bc6 19. Ne5 Bxd7 20. Nxd7 Rfd8 21. Nf6+ Kg7 22. Nfxe4 f5 23. Ng5 Rd2 24. Rb1 b5 25. Nf3 Rd6 26. Nd4 b4 27. Na4 f4 28. Rd1 Ra6 29. b3 Rd6 30. h3 Kf7 31. Nb2 fxe3 32. fxe3 Ra6 33. Nc4 Kg8 34. Rd2 Rf8 35. e4 Raf6 36. Nf3 Rf4 37. e5 Re4 38. Kf2 Ref4 39. Nd6 Kg7 40. Ke3 Kh6 41. Rd4 Rxd4 42. Kxd4 Kg7 43. Kd5 h6 44. e6 Kf6 45. Ne5 Ke7 46. Nxg6+ 1-0

[Event "ESP-chT Regional U14"]
[Site "Gijon"]
[Date "2021.06.17"]
[Round "2.1"]
[White "Ermachenko, Manuel"]
[Black "Cereijo Suarez, Alejandro"]
[Result "1-0"]
[WhiteElo "2131"]
[BlackElo "1846"]
[PlyCount "63"]
[EventDate "2021.06.17"]
[EventType "team-swiss"]
[EventRounds "6"]
[EventCountry "ESP"]
[SourceTitle "EXT 2022"]
[Source "ChessBase"]
[SourceDate "2021.10.06"]
[SourceVersion "1"]
[SourceVersionDate "2021.10.06"]
[SourceQuality "1"]
[WhiteTeam "Baleares U14"]
[BlackTeam "Galicia U14"]
[WhiteTeamCountry "ESP"]
[BlackTeamCountry "ESP"]

1. e4 c5 2. Nf3 Nc6 3. d4 cxd4 4. Nxd4 e5 5. Nb3 Nf6 6. Nc3 Bb4 7. Bd3 d5 8. exd5 Nxd5 9. Bd2 Nxc3 10. bxc3 Be7 11. Qh5 Be6 12. Rd1 Qc7 13. 0-0 g6 14. Qh6 Bf8 15. Qe3 b6 16. Bb5 Bg7 17. Qf3 Rc8 18. Bc1 h5 19. Ba3 Bg4 20. Qe4 Bxd1 21. Rxd1 a6 22. Bxa6 Ra8 23. Bd6 Qd7 24. Bb5 Rc8 25. f4 f5 26. Qe3 Rh7 27. Qxb6 Bf8 28. Nc5 Qxd6 29. Rxd6 Bxd6 30. Bxc6+ Kf8 31. Ne6+ Kg8 32. Bd5 1-0